[Event "Maringa op 1st"]
[Site "Maringa"]
[Date "2024.07.28"]
[Round "6"]
[White "Da Silva, Vitor Mariano Teixe"]
[Black "Duarte, Larissa Vidal"]
[Result "0-1"]
[WhiteElo "1689"]
[BlackElo "1791"]
[PlyCount "42"]
[EventDate "2024.07.26"]
[EventType "swiss"]
[EventRounds "6"]
[EventCountry "BRA"]
[SourceTitle "CBM 221 Extra"]
[Source "ChessBase"]
[SourceDate "2024.09.30"]
[SourceVersion "1"]
[SourceVersionDate "2024.09.30"]
[SourceQuality "1"]

1. e4 e5 2. Nf3 Nc6 3. Bb5 a6 4. Ba4 Bc5 5. d3 d6 6. c3 Nf6 7. Bg5 h6 8. Bh4 Bd7 9. Qe2 Qe7 10. Nbd2 0-0-0 11. b4 Ba7 12. Bxc6 Bxc6 13. c4 g5 14. Nxg5 hxg5 15. Bxg5 Rdg8 16. Nf3 Rg6 17. a4 Bd7 18. a5 Rhg8 19. h4 Qe6 20. Qb2 Ng4 21. g3 Nxf2 0-1